000 00218nam a2200097Ia 4500
005 20251222114353.0
008 251222s1900||||xx |||||||||||||| ||spa||
082 _aDVD0060/Z64/1994
245 0 _aForrest Gump:
942 _cDVD
999 _c1324
_d1324